00727nam a22002057a 4500999001900000005001700019010001500036020002600051035001400077037001300091082000600104100002500110245008400135260004000219270008100259300002500340700001700365942002000382952011900402 c162869d16286920190323130326.0 aENG-124914 a9789386473103c350.00 aEN-108446 bDBAD/PUB aS aVijay Narain Shankar aKhushwant Singh in wisdom & in jest/cby Vijay Narain Shankar [and] Onkar Singh aNew DelhibVitasta Publishingc2017 a2/15, Ansari Road, Daryaganj,bNew Delhie110002minfo@vitastapublishing.com axi, 266p.c21cm(pbk) a Onkar Singh 2ddccENhSmVIJ 001040718NFICaDBADbBL1d2019-03-23eDBAD/PUBg350.00l0oS VIJpEN-108446r2019-03-23 00:00:00t1v350.00yEN